00353nam a2200109 i 4500001000300000245006400003260002100067040000800088041000800096008004100104856009800145bg 0aPrace Instytutu Budowy Maszyn Politechniki Szczecińskiej. aSzczecin,c1976. cBPK apol s pl f |000 0 pol  uhttp://koha.tu.koszalin.pl/cgi-bin/koha/opac-detail.pl?biblionumber=16764yKatalog online BPK